| Tag |
First Indicator |
Second Indicator |
Subfields |
| LEADER |
00000cam a22000004a 4500 |
| 001 |
in00002331913 |
| 005 |
20151108045240.0 |
| 008 |
060224s2006 enk 001 0 eng |
| 010 |
|
|
|a 2006006939
|
| 020 |
|
|
|a 9780754659020
|
| 020 |
|
|
|a 075465902X (alk. paper)
|
| 035 |
|
|
|a (OCoLC)ocm64427505
|
| 040 |
|
|
|a DLC
|c DLC
|d UtOrBLW
|
| 041 |
0 |
|
|a eng
|a fre
|
| 042 |
|
|
|a pcc
|
| 043 |
|
|
|a mm-----
|
| 049 |
|
|
|a TXAM
|
| 050 |
0 |
0 |
|a DF543
|b .C47 2006
|
| 082 |
0 |
0 |
|a 949.5/02
|2 22
|
| 100 |
1 |
|
|a Cheynet, Jean-Claude.
|
| 245 |
1 |
4 |
|a The Byzantine aristocracy and its military function /
|c by Jean-Claude Cheynet.
|
| 264 |
|
1 |
|a Aldershot, England ;
|a Burlington,Vt :
|b Ashgate,
|c [2006]
|
| 264 |
|
4 |
|c ©2006
|
| 300 |
|
|
|a 1 volume (various pagings) ;
|c 23 cm.
|
| 336 |
|
|
|a text
|b txt
|2 rdacontent
|
| 337 |
|
|
|a unmediated
|b n
|2 rdamedia
|
| 338 |
|
|
|a volume
|b nc
|2 rdacarrier
|
| 490 |
1 |
|
|a Variorum collected studies series ;
|v CS859
|
| 500 |
|
|
|a Text in English and French.
|
| 504 |
|
|
|a Includes bibliographical references and index.
|
| 651 |
|
0 |
|a Byzantine Empire
|x History, Military
|y 527-1081.
|
| 651 |
|
0 |
|a Byzantine Empire
|x History, Military
|y 1081-1453.
|
| 650 |
|
0 |
|a Aristocracy (Political science)
|z Byzantine Empire.
|
| 830 |
|
0 |
|a Collected studies ;
|v CS859.
|
| 856 |
4 |
1 |
|3 Table of contents only
|u http://www.loc.gov/catdir/toc/ecip069/2006006939.html
|t 0
|
| 945 |
|
|
|a PromptCat
|
| 946 |
|
|
|a stk
|
| 947 |
|
|
|a A14836471430
|
| 948 |
|
|
|a cataloged
|b h
|c 2007/10/25
|d c
|e dmitchel
|f 3:24:20 pm
|
| 994 |
|
|
|a 92
|b TXA
|
| 999 |
|
|
|a MARS
|
| 999 |
f |
f |
|s f902cb07-fca5-374b-bdda-2cd5e7df8bb5
|i 50c9cfac-ee45-3fe0-94e1-dfe6719772b1
|t 0
|
| 952 |
f |
f |
|p ric
|a Texas A&M University
|b Rellis Campus
|c Joint Library Facility
|d Remote Storage
|t 0
|e DF543 .C47 2006
|h Library of Congress classification
|i unmediated -- volume
|m A14836471430
|
| 998 |
f |
f |
|a DF543 .C47 2006
|t 0
|l Remote Storage
|